[Event "SVK-ch U14"]
[Site "Liptovsky Mikulas"]
[Date "2007.04.26"]
[Round "8"]
[White "Vierik, Matej"]
[Black "Angyal, Gabor"]
[Result "0-1"]
[WhiteElo "1350"]
[BlackElo "1420"]
[PlyCount "78"]
[EventDate "2007.04.22"]
[EventType "swiss"]
[EventRounds "9"]
[EventCountry "SVK"]
[SourceTitle "EXT 2008"]
[Source "ChessBase"]
[SourceDate "2007.11.25"]
[SourceVersion "1"]
[SourceVersionDate "2007.11.25"]
[SourceQuality "1"]

1. e4 e5 2. Nf3 Nc6 3. Nc3 Nf6 4. Bc4 Bc5 5. d3 Na5 6. 0-0 Nxc4 7. dxc4 d6 8. Be3 Bb6 9. Bxb6 axb6 10. Nd5 c6 11. Nxf6+ Qxf6 12. Qd3 Qg6 13. Nh4 Qg5 14. g3 Bh3 15. Rfe1 Qf6 16. a3 g5 17. Nf5 Bxf5 18. exf5 Rd8 19. b4 c5 20. c3 0-0 21. Rab1 Rfe8 22. f3 h6 23. g4 Qg7 24. Qd5 e4 25. fxe4 Qxc3 26. Ra1 Rd7 27. bxc5 bxc5 28. Reb1 Qe3+ 29. Kf1 Qf3+ 30. Ke1 Qxg4 31. Rxb7 Rxb7 32. Qxb7 Rxe4+ 33. Kd2 Qf4+ 34. Kd3 Rd4+ 35. Ke2 Qxh2+ 36. Ke3 Qd2+ 37. Kf3 Rf4+ 38. Kg3 Qf2+ 39. Kh3 Rh4# 0-1

[Event "SVK-ch U14"]
[Site "Liptovsky Mikulas"]
[Date "2007.04.23"]
[Round "3"]
[White "Angyal, Gabor"]
[Black "Jacko, Vladimir1111"]
[Result "0-1"]
[WhiteElo "1420"]
[BlackElo "1513"]
[PlyCount "94"]
[EventDate "2007.04.22"]
[EventType "swiss"]
[EventRounds "9"]
[EventCountry "SVK"]
[SourceTitle "EXT 2008"]
[Source "ChessBase"]
[SourceDate "2007.11.25"]
[SourceVersion "1"]
[SourceVersionDate "2007.11.25"]
[SourceQuality "1"]

1. e4 c5 2. Nf3 Nc6 3. d4 cxd4 4. Nxd4 g6 5. Nc3 Bg7 6. Be3 Nf6 7. Bb5 Qa5 8. 0-0 0-0 9. Bxc6 dxc6 10. Qd2 Rd8 11. Rad1 Qc7 12. Qe2 a6 13. Nf3 Be6 14. Ng5 Bg4 15. f3 Bd7 16. Qc4 Rf8 17. Qc5 Rae8 18. e5 b6 19. Qxb6 Qxe5 20. Bd4 Qxg5 21. Bxf6 Bxf6 22. Rxd7 Rb8 23. Qxc6 Rxb2 24. Ne4 Bd4+ 25. Kh1 Qe5 26. Qxa6 Rxc2 27. Qa4 Rxa2 28. Qxa2 Qb5 29. Rd1 Qxd7 30. Qc4 Rd8 31. h3 Kg7 32. Nc5 Qa7 33. Nb3 e5 34. Qe2 Rd5 35. Qe4 Qd7 36. f4 f5 37. Qf3 e4 38. Qe2 Bb6 39. Qb2+ Kh6 40. Rxd5 Qxd5 41. Nd2 Qc5 42. Qb1 Qf2 43. Kh2 Qxd2 44. Qxb6 Qxf4+ 45. Kh1 e3 46. Qb1 e2 47. Kg1 Qe3+ 0-1